000 00301nam a2200121Ia 4500
008 190216s9999||||xx |||||||||||||| ||und||
100 _aAlan G Macdiarmid
245 0 _aBond To Halogens And Halogenoids
260 _bMarcel Dekker
_c1972
300 _a374p
650 _aChemistry-Chemistry
942 _cBK
999 _c2443
_d2443